Výkonové normy V-17. Práce v cihelnách.

Uložené v:
Podrobná bibliografia
Médium: Kniha
Jazyk:Slovak
Vydané: Praha, 1953.
Fyzický popis: 24 s.
Tagy: Pridať tag
Žiadne tagy, Buďte prvý kto otaguje tento záznam!

MARC

LEADER 00000nam a22000004a 4500
001 000612682
005 20191108135524.0
008 190322s1953 xo e 000 0 slo d
040 |a SVKKK  |b slo  |c SVKKK  |e AACR2 
245 1 0 |a Výkonové normy V-17. Práce v cihelnách. 
260 |a Praha,  |c 1953. 
300 |a 24 s. 
500 |a Záznam revízie 
910 |a svkkk 
998 |a BK 
090 |g SCKHL  |k Sklad Pribinova 2. posch.  |a III.27582  |j 128651  |i 2720366761  |s Prezenčne